|
|
|
|
| LEADER |
00000nam a22000007a 4500 |
| 008 |
190430b2000 ||||| |||| 00| | spa d |
| 999 |
|
|
|c 3712
|d 3712
|
| 090 |
|
|
|a DOC #53
|
| 100 |
1 |
|
|9 121
|a Peralta Monge, Teresita
|
| 245 |
1 |
0 |
|a Guía para la evaluación externa por pares académicos /
|c Teresita Peralta Monge
|
| 260 |
|
|
|a [s.l.] .
|b CSUCA,
|c [200?]
|
| 300 |
|
|
|a 20 páginas
|
| 490 |
|
|
|a Documentos del CSUCA,
|v no.8
|
| 500 |
|
|
|a En la portada: comisión técnica de evaluación. sistema centroamericano de evaluación y acreditación de la educación superior - SICEVAES
|
| 650 |
1 |
4 |
|9 287
|a EVALUACIÓN
|
| 650 |
1 |
4 |
|9 8
|a EDUCACIÓN SUPERIOR
|
| 650 |
1 |
4 |
|9 1822
|a GUÍA
|
| 942 |
|
|
|i 00479
|h DOC #53
|2 z
|c 05
|